Isso não é um filme americano (Record no. 171221)

MARC details
000 -LÍDER
campo de controle de tamanho fixo 00385 a2200169 4500
001 - NÚMERO DE CONTROLE
campo de controle 171221
020 ## - ISBN - INTERNATIONAL STANDARD BOOK NUMBER
ISBN - International Standard Book Number 85-08-08538-9
040 ## - FONTE DA CATALOGAÇÃO
Instituição que transcreveu o registro Magnum
100 ## - ENTRADA PRINCIPAL--NOME PESSOAL
Nome pessoal Cazarré, Lourençoo
240 10 - TÍTULO UNIFORME
Título uniforme Isso não é um filme americano
Idioma da obra por
245 10 - TÍTULO
Título Isso não é um filme americano
300 ## - DESCRIÇÃO FÍSICA
Extensão 160
362 0# - DATAS DE PUBLICAÇÃO E/OU DESIGNAÇÃO SEQUENCIAL
Datas de publicação e/ou designação sequencial 2002
440 #1 - DECLARAÇÃO DE SÉRIE/ENTRADA ADICIONADA--TÍTULO
Título Ática
697 ## - ENTRADA DE ASSUNTO LOCAL--ENTIDADE COLETIVA (RLIN)
Nome corporativo ou nome da jurisdição LITERATURA JUVENIL
942 ## - ELEMENTOS DE ENTRADA ADICIONADOS (KOHA)
Tipo de material Koha Livros
Holdings
Situação do descarte Situação das perdas Situação física Não pode ser emprestado Biblioteca de origem Biblioteca atual Data de aquisição Total de empréstimos Número de chamada completo Código de barras Data de último acesso Data do preço efetivo Tipo de material Koha Fonte da classificação ou esquema de arquivamento na estante Número do exemplar
        Magnum Magnum 08/06/2024   869.3.580 MAG00016298 08/06/2024 08/06/2024 Livros    
        Magnum Magnum 08/06/2024   869.3.580 MAG00016299 08/06/2024 08/06/2024 Livros    
        Portinari - Salvador Portinari - Salvador 05/08/2024   028.5 C386i 6769/CCP 05/08/2024 05/08/2024 Livros   Ex. 1
        Portinari - Salvador Portinari - Salvador 05/08/2024   028.5 C386i 6791/CCP 05/08/2024 05/08/2024 Livros   Ex. 2